| 000 | 00333nam a2200121Ia 4500 | ||
|---|---|---|---|
| 008 | 210430s9999 xx 000 0 und d | ||
| 082 | _a321 P995 A | ||
| 100 | _aLucian W.Pye | ||
| 245 |
_aAspects of Political Development _cLucian W.Pye |
||
| 260 |
_aIslamabad _bNational Book Foundation _c1966 |
||
| 300 | _a205p. | ||
| 942 |
_cBK _2ddc |
||
| 999 |
_c563382 _d563382 |
||